| 000 | 00611nam a2200217Ii 4500 | ||
|---|---|---|---|
| 001 | 11997 | ||
| 003 | CO-ViMGA | ||
| 008 | 241108s9999||||xx |||||||||||||| ||und|| | ||
| 020 | _a8449503299 | ||
| 040 |
_aCO-ViMGA _bspa _erda _cCO-ViMGA |
||
| 041 | 0 | _aspa | |
| 082 | 0 | 4 | _a613.69 R636 |
| 100 | 1 |
_aRoberto Carlos Rodríguez _951763 |
|
| 245 | 1 | 0 | _aPrimeros Auxilios Naturales |
| 264 | 1 | _aMadrid, España : M. E., 1997 | |
| 300 | _avolumen | ||
| 336 |
_atext _btxt _2rdacontent |
||
| 337 |
_aunmediated _bn _2rdamedia |
||
| 338 |
_avolume _bnc _2rdacarrier |
||
| 940 | _aidficha_siabuc: 11707. -- ficha_no_siabuc:11997 | ||
| 999 |
_c46518 _d46518 |
||